The 42nd parallel, / (Record no. 18493)
[ view plain ]
| 000 -CABECERA | |
|---|---|
| campo de control de longitud fija | 00687cam a22002051a 4500 |
| 001 - NÚMERO DE CONTROL | |
| campo de control | 000018975 |
| 003 - IDENTIFICADOR DEL NÚMERO DE CONTROL | |
| campo de control | DO-SdBNP |
| 005 - FECHA Y HORA DE LA ÚLTIMA TRANSACCIÓN | |
| campo de control | 20250702095521.0 |
| 008 - DATOS DE LONGITUD FIJA--INFORMACIÓN GENERAL | |
| campo de control de longitud fija | 810306s1937 nyu 000 0 eng |
| 010 ## - NÚMERO DE CONTROL DE LA BIBLIOTECA DEL CONGRESO | |
| Número de control de LC | 37028747 |
| 040 ## - FUENTE DE LA CATALOGACIÓN | |
| Centro catalogador/agencia de origen | DO-SdBNP |
| Centro/agencia transcriptor | PCarlD |
| Centro/agencia modificador | OCoLC |
| -- | DLC |
| 100 1# - ENTRADA PRINCIPAL--NOMBRE DE PERSONA | |
| Nombre de persona | Dos Passos, John, |
| Fechas asociadas al nombre | 1896-1970. |
| 9 (RLIN) | 40822 |
| 245 14 - MENCIÓN DE TÍTULO | |
| Título | The 42nd parallel, / |
| Mención de responsabilidad, etc. | by John Dos Passos; with an introductory note by the author. |
| 260 ## - PUBLICACIÓN, DISTRIBUCIÓN, ETC. | |
| Lugar de publicación, distribución, etc. | New York, : |
| Nombre del editor, distribuidor, etc. | The Modern Library, |
| Fecha de publicación, distribución, etc. | [1937]. |
| 300 ## - DESCRIPCIÓN FÍSICA | |
| Extensión | ix, ix, 415 p. ; |
| Dimensiones | 18 cm. |
| 490 0# - MENCIÓN DE SERIE | |
| Mención de serie | The Modern library of the world's best books. |
| 500 ## - NOTA GENERAL | |
| Nota general | "First Modern library edition, 1937." |
| 910 ## - DATOS DE OPCIÓN DEL USUARIO (OCLC) | |
| Datos de opción del usuario | Catalogación derivada / LC |
| 942 ## - ELEMENTOS DE PUNTO DE ACCESO ADICIONAL (KOHA) | |
| Fuente del sistema de clasificación o colocación | Dewey Decimal Classification |
| Tipo de ítem Koha | Libro |
| Estado de retiro | Estado de pérdida | Restricciones de uso | No para préstamo | Código de colección | Localización permanente | Ubicación/localización actual | Ubicación en estantería | Fecha de adquisición | Número de inventario | Total de préstamos | Signatura topográfica completa | Código de barras | Fecha visto por última vez | Precio válido a partir de | Tipo de ítem Koha |
|---|---|---|---|---|---|---|---|---|---|---|---|---|---|---|---|
| Excluido de préstamo | Monografías: Libros y Folletos | General | General | En catalogación | 21.05.2010 | LF1 | 18975-10 | 25.06.2020 | 25.06.2020 | No se presta |
